Logo Biblioteca

Uno nunca sabe : (Registro nro. 253)

Detalles MARC
000 -LEADER
fixed length control field 00792nam a22002057a 4500
003 - CONTROL NUMBER IDENTIFIER
control field OSt
005 - DATE AND TIME OF LATEST TRANSACTION
control field 20240527112204.0
008 - FIXED-LENGTH DATA ELEMENTS--GENERAL INFORMATION
fixed length control field 240527s2013 ag ||||| |||| 00| 1 spa d
020 ## - INTERNATIONAL STANDARD BOOK NUMBER
International Standard Book Number 9789504936749
040 ## - CATALOGING SOURCE
Transcribing agency besoc
100 1# - MAIN ENTRY--PERSONAL NAME
Personal name Fontanarrosa, Roberto,
Dates associated with a name 1944-2007,
Relator term autor
245 10 - TITLE STATEMENT
Title Uno nunca sabe :
Remainder of title y otros cuentos /
Statement of responsibility, etc. Roberto Fontanarrosa
250 ## - EDITION STATEMENT
Edition statement 1a ed.
260 ## - PUBLICATION, DISTRIBUTION, ETC.
Place of publication, distribution, etc. Buenos Aires :
Name of publisher, distributor, etc. Planeta,
Date of publication, distribution, etc. 2013
300 ## - PHYSICAL DESCRIPTION
Extent 348 p.
490 0# - SERIES STATEMENT
Series statement Biblioteca Fontanarrosa Planeta
505 1# - FORMATTED CONTENTS NOTE
Formatted contents note El general Romero -- Angela y Celita -- Mi amigo David -- Un puente demasiado lejos -- El Choper -- Una historia de Navidad -- El pequeño justiciero del Piave -- Conociendo a Kantrowitzv -- Cielo de los argentinos.-
650 #4 - SUBJECT ADDED ENTRY--TOPICAL TERM
Topical term or geographic name entry element Literatura argentina
Form subdivision Cuentos
Chronological subdivision Siglo XX
942 ## - ADDED ENTRY ELEMENTS (KOHA)
Source of classification or shelving scheme Universal Decimal Classification
Koha item type Obra General
Suppress in OPAC No
Existencias
Withdrawn status Lost status Source of classification or shelving scheme Damaged status Not for loan Collection Home library Current library Date acquired Total checkouts Full call number Barcode Date last seen Price effective from Koha item type
    Universal Decimal Classification     Colección General Biblioteca Escuela de Ciencias Sociales Biblioteca Escuela de Ciencias Sociales 27/05/2024   82-34(821.6) F679 000458 27/05/2024 27/05/2024 Obra General
Biblioteca de la Escuela Preuniversitaria en Ciencias Sociales y Humanísticas.
Riobamba 250 bis.
CP 2000 - Rosario - Santa Fe
E-Mail: biblioteca@esociales.unr.edu.ar